| 000 | 01121cam a22001934a 4500 | ||
|---|---|---|---|
| 999 |
_c2328 _d2328 |
||
| 020 | _a0205395082 | ||
| 020 | _a9780205395082 | ||
| 020 | _a9780205395088 | ||
| 050 | 0 | 0 |
_aHA32 _b.K33 |
| 100 | 1 | _aKendrick, J. Richard. | |
| 245 | 1 | 0 |
_aSocial statistics : _ban introduction using SPSS for Windows / _cJ. Richard Kendrick, Jr. |
| 250 | _a2nd ed. | ||
| 260 |
_aBoston : _bPearson/Allyn and Bacon, _cc2005. |
||
| 300 |
_axvii, 558 p. : _bill. ; _c28 cm. + _e1 CD-ROM (4 3/4 in.) |
||
| 500 | _aAn instructor's manual and data disc are available to supplement the text. | ||
| 505 | _a Getting started: fundamentals of research design -- Levels of measurement -- Creating and SPSS data file -- Analysing frequency distributions -- Measures of central tendency -- Measures of dispersion -- An introduction to making inferences -- Making inferences for single variables -- Analyzing contingency tables -- Measures of association for contingency tables -- Summary -- Key concepts -- Answers to skills practices -- General exercises -- SPSS exercises. | ||
| 650 | 0 |
_aSocial sciences _xStatistical methods. |
|
| 942 | _cBK | ||